000 00241nam a22001097a 4500
020 _a9789385609411
082 _aK805
100 _aHAGGARD, SIR HENRY RIDER
245 _aKING SOLOMON'S MINES - ENGLISH CLASSIC
300 _a240P
942 _cBK
999 _c9876
_d9876